000 00801cam a2200277 4500
001 sa 68013724
003 DLC
005 20260227112624.0
008 691210s1967 ii b 00010 eng
010 _asa 68013724 //r862
025 _aPL480:I-E-8942
043 _aa-ii---
050 0 _aSF196.I4
_bJ28
082 _a338.1/7/62
100 1 0 _aJangam, R. T.
245 1 0 _aEconomics & politics of cow slaughter ban,
_cby R. T. Jangam [and] G. Thimmaiah.
250 _a[1st ed.]
260 0 _aMysore,
_bSharat Prakashana
_c[1967]
300 _a90 p.
_c22 cm.
350 _a2.00
504 _a"A select bibliography": p. [87]-90.
650 0 _aCattle
_xEconomic aspects
_zIndia.
650 0 _aCattle
_xReligious aspects.
650 0 _aCattle
_zIndia.
700 1 0 _aThimmaiah, G.,
_ejoint author.
999 _c85294
_d85294